IAS mains general studies paper 2 : (Record no. 158186)

MARC details
000 -LEADER
fixed length control field 00973nam a22002297a 4500
005 - DATE AND TIME OF LATEST TRANSACTION
control field 20181020112552.0
010 ## - LCCN (DPL NO)
LC control number B-710592
020 ## - INTERNATIONAL STANDARD BOOK NUMBER
International Standard Book Number 9789311129204
Terms of availability 460.00
035 ## - SYSTEM CONTROL NUMBER
System control number B-710592
037 ## - SOURCE OF ACQUISITION
Stock number dpl
Source of stock number/acquisition Rk Books
100 ## - MAIN ENTRY--PERSONAL NAME
Personal name Sharma, Prajjwal
245 ## - TITLE STATEMENT
Title IAS mains general studies paper 2 :
Statement of responsibility, etc by Prajjwal Sarma, Yashwant Singh Rana [and] Mohit Sharma edited by Priya Goyal
Remainder of title governance constitution, polity social justice & international relations /
260 ## - PUBLICATION, DISTRIBUTION, ETC. (IMPRINT)
Place of publication, distribution, etc New Delhi
Name of publisher, distributor, etc Arihant Publications(India ) Limited
Date of publication, distribution, etc 201?
270 ## - ADDRESS
Address 4577/15, Agarwal Road, Daryaganj
City New Delhi
Postal code 110002
Telephone number 011-47630600
Fax number -
Electronic mail address -
300 ## - PHYSICAL DESCRIPTION
Extent 664p.
Other physical details ill.
Dimensions 27cm(pbk)
500 ## - GENERAL NOTE
General note with previous Years' Questions 2016-13
700 ## - ADDED ENTRY--PERSONAL NAME
Personal name Rana, Yashwant Singh
700 ## - ADDED ENTRY--PERSONAL NAME
Personal name Sharma, Mohit
710 ## - ADDED ENTRY--CORPORATE NAME
Corporate name or jurisdiction name as entry element Goyal, Priya ed
942 ## - ADDED ENTRY ELEMENTS (KOHA)
Source of classification or shelving scheme Dewey Decimal Classification
Item type English Books
Classification part 000
Call number suffix IAS
Holdings
Withdrawn status Lost status Not for loan Collection code Home library Current library Date acquired Source of acquisition Cost, normal purchase price Full call number Barcode Copy number Cost, replacement price Koha item type
      Non-fiction Patel Nagar Patel Nagar 20/10/2018 RK Books/IN1915/18-19/13-10-18/532/04-10-18/15-10-18 500.00 000 IAS B-710592 1 500.00 English Books

© Delhi Public Library
Hit Counter
free hit counter